Mixed Word: 6P Quiz Stats

 Plays Quiz Updated Mar 30, 2018

Score 0/36 Timer 05:00
0 Plays Today
% Correct
Polo
98%
Pole Vault
94.7%
Pumpkin Pie
92.3%
Potato
91.1%
Pimp My Ride
90.2%
Prime Rib
89.8%
Pink Floyd
88.5%
Party of Five
86.8%
Pasta
86.5%
Popeye
85.2%
Phish
84.9%
Pinky and The Brain
84.6%
Project Runway
80.9%
Papa Smurf
77.6%
Popcorn
75.9%
Prime Suspect
75.8%
Pixies
74.3%
The Police
74.2%
% Correct
Parallel Bars
72.4%
Pluto
72.1%
Pepé Le Pew
70.7%
Phillies
69.7%
Parks and Recreation
66.9%
Pommel Horse
66.8%
Padres
66.6%
Piglet
63.7%
Packers
59.5%
Panthers
55.4%
Patriots
52.8%
Poison
51.7%
Pacers
48.6%
Pentathlon
35.8%
Pistol Shooting
31.9%
Patrick Star
30.3%
Pantera
26.6%
Prosciutto
7.1%

You're not logged in!

Compare scores with friends on all Sporcle quizzes.
OR
Log In

You Might Also Like...

Show Comments

Extras

Top Quizzes Today


Score Distribution

Your Account Isn't Verified!

In order to create a playlist on Sporcle, you need to verify the email address you used during registration. Go to your Sporcle Settings to finish the process.

Report this User

Report this user for behavior that violates our Community Guidelines.

Details: